[Event "TCh-BUL w"]
[Site "Sunny Beach BUL"]
[Date "2009.06.11"]
[Round "4"]
[White "Ilieva,H"]
[Black "Bednikova,S"]
[Result "1/2-1/2"]
[WhiteElo "2114"]
[BlackElo "2091"]

1.d4 d5 2.Nf3 Nf6 3.c4 c6 4.Nc3 dxc4 5.a4 Bf5 6.e3 e6 7.Bxc4 Bb4 8.O-O O-O
9.Qe2 Nbd7 10.e4 Bg6 11.Bd3 Bh5 12.Bf4 Qe7 13.e5 Nd5 14.Nxd5 cxd5 15.Qe3 Rfc8
16.Rfc1 Bg6 17.Bxg6 hxg6 18.Ng5 Nf8 19.h4 Qd7 20.Qd3 Rxc1+ 21.Rxc1 Rc8 22.Qb3 Rxc1+
23.Bxc1 Qc6 24.Be3 Be7 25.Nf3 Nd7 26.a5 Kf8 27.Bd2 a6 28.g3 Ke8 29.Qc3 Nb8
30.Ne1 Qxc3 31.Bxc3 Nc6 32.Nd3 Bd8 33.b4 Kd7 34.Nc5+ Kc8  1/2-1/2

[Event "1st SCS GM Open"]
[Site "Bhubaneswar IND"]
[Date "2009.06.14"]
[Round "10"]
[White "Lalith,B"]
[Black "Deshmukh,A"]
[Result "0-1"]
[WhiteElo "2480"]
[BlackElo "2299"]

1.Nf3 Nf6 2.c4 c6 3.d4 d5 4.Nc3 dxc4 5.a4 Bf5 6.Nh4 Be6 7.e3 Na6 8.Nf3 g6
9.Ng5 Qd7 10.Nxe6 Qxe6 11.a5 Ne4 12.Nxe4 Qxe4 13.f3 Qd5 14.Ra4 e6 15.Bxc4 Bb4+
16.Rxb4 Qxa5 17.Bxa6 Qxb4+ 18.Bd2 Qxb2 19.Bd3 a5 20.Ke2 a4 21.Qa1 Qxa1 22.Rxa1 Kd7
23.Bc2 b5 24.Bb4 Kc7 25.Kd2 Rhe8 26.Bd3 e5 27.Rc1 exd4 28.exd4 Kb6 29.Bc5+ Ka5
30.Rb1 Rad8 31.Be4 Re6 32.g4 Ka6 33.Kc3 f5 34.gxf5 gxf5 35.Bd3 Re3 36.Rf1 Rd5
37.Kd2 Re6 38.Rf2 Rxc5 39.dxc5 Re5 40.Rf1 Ka5 41.f4 Rd5 42.Re1 Kb4 43.Re5 a3
44.Kc2 a2 45.Re1 Ka3  0-1

[Event "TCh-BUL"]
[Site "Sunny Beach BUL"]
[Date "2009.06.14"]
[Round "7"]
[White "Petkov,V"]
[Black "Velikov,P"]
[Result "1/2-1/2"]
[WhiteElo "2481"]
[BlackElo "2420"]

1.d4 d5 2.c4 c6 3.Nf3 Nf6 4.Nc3 dxc4 5.a4 Bf5 6.Ne5 Na6 7.f3 Nd7 8.Nxd7 Bxd7
9.e4 Be6 10.Be3 Nb4 11.a5 b5 12.Qd2 Bd7 13.Nxb5 cxb5 14.Qxb4 e6 15.Qc3 Bd6
16.Be2 O-O 17.O-O a6 18.f4 Rc8 19.Bf3 Qe7 20.Qc2 Bb4 21.Rfd1 Bc6 22.Qf2 Rfe8
23.d5 exd5 24.e5 f6 25.Bd4 fxe5 26.fxe5 Bb7 27.Bg4 Rc6 28.Rf1 Bc8 29.Bh5 Rf8
30.Qe3 Be6 31.Rxf8+ Qxf8 32.Rf1 Qe7 33.Rf6 Bxa5 34.Bf7+ Qxf7 35.Rxf7 Kxf7
36.Qf2+ Kg8 37.Qh4 Bf7 38.Qe7 Re6 39.Qb7 Bb4 40.Qxd5 h6 41.Qb7 Be7 42.Kf2 Be8
43.Ke2 Bc6 44.Qc8+ Kf7 45.g4 b4 46.Qc7 Bb5 47.Ke3 Rc6 48.Qd7 c3 49.Qf5+ Ke8  1/2-1/2

[Event "XXVII Open A"]
[Site "Balatonlelle HUN"]
[Date "2009.06.16"]
[Round "4"]
[White "Budai,D"]
[Black "Straubinger,D"]
[Result "0-1"]
[WhiteElo "2321"]
[BlackElo "2214"]

1.Nf3 d5 2.d4 Nf6 3.c4 c6 4.Nc3 dxc4 5.a4 Bf5 6.Ne5 Nbd7 7.Nxc4 Qc7 8.g3 e5
9.dxe5 Nxe5 10.Bf4 Nfd7 11.Bg2 g5 12.Ne3 gxf4 13.Nxf5 O-O-O 14.Qc2 Kb8 15.O-O fxg3
16.hxg3 h5 17.Rfc1 h4 18.Nd5 Qc8 19.Qe4 hxg3 20.fxg3 Re8 21.Qf4 Qd8 22.Nde3 Ka8
23.a5 a6 24.b4 Ng6 25.Qd4 Nde5 26.Qc3 Be7 27.Rd1 Qb8 28.Nxe7 Nxe7 29.Qc5 Rhg8
30.Rd6 Nc8 31.Rh6 Na7 32.Nf5 Ng6 33.Rf1 Nb5 34.e3 Re5 35.Qb6 Re6 36.Rh7 Ne5
37.Rg7 Nd7 38.Rxg8 Qxg8  0-1

[Event "13th FIDE Open"]
[Site "Voronezh RUS"]
[Date "2009.06.17"]
[Round "6"]
[White "Napalkov,V"]
[Black "Rysbayeva,K"]
[Result "0-1"]
[WhiteElo "2235"]
[BlackElo "2007"]

1.d4 d5 2.c4 c6 3.Nf3 Nf6 4.Nc3 dxc4 5.a4 Bf5 6.Ne5 Nbd7 7.Nxc4 Qc7 8.g3 Nd5
9.Bg2 N7f6 10.O-O e6 11.Re1 Bb4 12.Bd2 Bxc3 13.bxc3 Ne4 14.Bxe4 Bxe4 15.f3 Bg6
16.e4 Nf6 17.Bf4 Qd7 18.Nd6+ Kf8 19.Qb3 b6 20.a5 b5 21.c4 Nh5 22.Bd2 Kg8
23.Qb4 Rd8 24.e5 Nf6 25.cxb5 Nd5 26.bxc6 Qxc6 27.Qc5 Qa6 28.Qb5 Qxb5 29.Nxb5 a6
30.Nd6 h6 31.Rec1 Bd3 32.Rc6 g6 33.Ra3 Bb5 34.Nxb5 axb5 35.Rb3 Rb8 36.a6 Kg7
37.a7 Rb7 38.Ra6 Ra8 39.Rba3 b4 40.Ra1 b3 41.Rb1 b2 42.Kf2 Raxa7 43.Rxa7 Rxa7
44.Rxb2 Ra4 45.Be3 Ra3 46.Re2 Rd3 47.h4 Nc3 48.Rd2 Nd1+ 49.Kg1 Rxe3 50.Rxd1 Rxf3
51.Kg2 Ra3 52.d5 exd5 53.Rxd5 Kf8 54.Kf2 h5 55.Rb5 Ke7 56.Kg2 Ke6 57.Kf2 Rd3
58.Kg2 Rd5 59.Rb6+ Kxe5  0-1

[Event "zt 2.5"]
[Site "Asuncion PAR"]
[Date "2009.06.18"]
[Round "9"]
[White "Lafuente,P"]
[Black "Morovic Fernandez,I"]
[Result "1/2-1/2"]
[WhiteElo "2524"]
[BlackElo "2551"]

1.d4 d5 2.c4 c6 3.Nf3 Nf6 4.Nc3 dxc4 5.a4 Bf5 6.Ne5 Nbd7 7.Nxc4 Qc7 8.g3 e5
9.dxe5 Nxe5 10.Bf4 Nfd7 11.Bg2 f6 12.O-O Rd8 13.Qc1 Be6 14.Nxe5 Nxe5 15.Ne4 Bb4
16.Nc5 Bc8 17.Bxe5 fxe5 18.Nd3 Bd6 19.Qe3 Qb6 20.Qf3 Qd4 21.Qh5+ g6 22.Qg5 O-O
23.Rfd1 Bf5 24.e3 Qg4 25.Qxg4 Bxg4 26.Rdc1 a5 27.h3 Bc8  1/2-1/2

[Event "XLIV Capablanca Memorial Open"]
[Site "Havana CUB"]
[Date "2009.06.18"]
[Round "10"]
[White "Arencibia Rodriguez,W"]
[Black "Delgado,H"]
[Result "0-1"]
[WhiteElo "2519"]
[BlackElo "2385"]

1.d4 d5 2.c4 c6 3.Nc3 Nf6 4.Nf3 dxc4 5.a4 Bf5 6.e3 e6 7.Bxc4 Bb4 8.O-O Nbd7
9.Qe2 O-O 10.e4 Bg6 11.Bd3 Bh5 12.e5 Nd5 13.Nxd5 cxd5 14.Qe3 Re8 15.Bd2 Qa5
16.Bxb4 Qxb4 17.Qd2 Qe7 18.Ng5 Bg6 19.f4 Bxd3 20.Qxd3 Nf8 21.Qd2 h6 22.Nh3 Rac8
23.f5 exf5 24.Rxf5 Ne6 25.Raf1 Rc4 26.Qf2 Rf8 27.Nf4 Nxd4 28.Nxd5 Qc5 29.Ne3 Nxf5
30.Nxc4 Qxc4 31.Qxf5 Qxa4 32.e6 Qb3 33.Qc5 b6 34.exf7+ Rxf7 35.Qc8+ Kh7 36.Rxf7 Qxf7
37.h3 a5 38.Qc6 Qg6 39.Qb5 Qf6 40.Kh1 Qd4 41.b3 Kg6 42.Qc6+ Kf5 43.Qb5+ Ke4
44.Qe2+ Kd5 45.Qb5+ Kd6 46.Qf1 Kc5 47.Qf8+ Kb5 48.Kh2 Qf6 49.Qe8+ Kb4 50.Qa4+ Kc3
51.Qc4+ Kb2 52.h4 Qc3 53.Qd5 Ka3 54.Qd6+ Qb4 55.Qg3 Qd4 56.h5 b5 57.Qf3 b4
58.g3 Qb2+ 59.Kh3 Qxb3 60.Qf5 a4 61.Qc5 Qc3 62.Qd6 Ka2  0-1

[Event "Junior DM Final"]
[Site "Stockholm SWE"]
[Date "2009.06.18"]
[Round "2"]
[White "Isheden,J"]
[Black "Hussain,A"]
[Result "0-1"]
[WhiteElo "1986"]
[BlackElo "1942"]

1.d4 d5 2.Nf3 Nf6 3.c4 c6 4.Nc3 dxc4 5.a4 Bf5 6.e3 e6 7.Bxc4 Bb4 8.O-O Nbd7
9.Qe2 Bg6 10.Rd1 O-O 11.Ne5 Nxe5 12.dxe5 Nd7 13.Na2 Be7 14.e4 Qc7 15.f4 Nc5
16.Nc3 h6 17.b4 Nd7 18.Rb1 a5 19.b5 Bb4 20.Na2 Nc5 21.Be3 cxb5 22.Bxb5 Bxe4
23.Rbc1 Ba3 24.Rc3 Qe7 25.Rxa3 Bd5 26.Rc3 Ne4 27.Rcc1 Qa3 28.Bc4 Rac8 29.Rd4 Rfd8
30.Kh1 Bxc4 31.Rcxc4 Rxc4 32.Rxd8+ Kh7 33.Rd1 Rxa4 34.Bd4 Qxa2 35.Qxe4+ g6
36.Qf3 b5 37.Bg1 Qc2 38.Rd7 Qf5 39.Qa8 Rxf4 40.Qf8 g5 41.Rd8 Kg6 42.Qd6 Rf1
43.Rh8 Qb1 44.Qd4 a4 45.h4 Rf4 46.Rxh6+ Kxh6 47.hxg5+ Kxg5 48.Qd8+ Kg4 49.Qh8 Rf1
50.Qh3+ Kg5 51.Qg3+ Kh6 52.Qh4+ Kg7 53.Qg5+ Qg6  0-1

[Event "Open"]
[Site "Teplice CZE"]
[Date "2009.06.18"]
[Round "6"]
[White "Vokac,M"]
[Black "Bartos,J"]
[Result "1/2-1/2"]
[WhiteElo "2459"]
[BlackElo "2188"]

1.d4 d5 2.Nf3 Nf6 3.c4 c6 4.Nc3 dxc4 5.a4 Bf5 6.Ne5 e6 7.f3 c5 8.dxc5 Qxd1+
9.Kxd1 Bxc5 10.e4 Bg6 11.Bxc4 Nbd7 12.Nd3 Be7 13.Be3 Rc8 14.Bb3 Nc5 15.Nxc5 Bxc5
16.Ke2 Bxe3 17.Kxe3 Ke7 18.a5 a6 19.Na4 Nd7 20.Rac1 Rhd8 21.h4 f6 22.Rhd1 Be8
23.f4 Nf8 24.Nb6 Rc6 25.Rxc6 Bxc6 26.Rxd8 Kxd8 27.g3 e5 28.Bg8 h6 29.fxe5 fxe5
30.Nc4 Nd7 31.Be6 Bb5 32.Na3 Nc5 33.Bd5 Kc7 34.b4  1/2-1/2

[Event "VI Moncada Elite"]
[Site "Santiago de Cuba CUB"]
[Date "2009.06.19"]
[Round "5"]
[White "Almeida Quintana,O"]
[Black "Blanco,H"]
[Result "1/2-1/2"]
[WhiteElo "2521"]
[BlackElo "2434"]

1.d4 d5 2.c4 c6 3.Nf3 Nf6 4.Nc3 dxc4 5.a4 Bf5 6.Ne5 Nbd7 7.Nxc4 Nb6 8.Ne5 a5
9.Bg5 Nfd5 10.Bh4 f6 11.Nf3 e6 12.Qb3 Bg6 13.e3 Qd6 14.Nxd5 cxd5  1/2-1/2

[Event "13th FIDE Open"]
[Site "Voronezh RUS"]
[Date "2009.06.19"]
[Round "8"]
[White "Napalkov,V"]
[Black "Ioffe,E"]
[Result "1-0"]
[WhiteElo "2235"]
[BlackElo "2079"]

1.d4 d5 2.c4 c6 3.Nf3 Nf6 4.Nc3 dxc4 5.a4 Bf5 6.Ne5 Nbd7 7.Nxc4 Qc7 8.g3 e5
9.dxe5 Nxe5 10.Bf4 Nfd7 11.Bg2 f6 12.O-O Be6 13.Nxe5 fxe5 14.Bg5 h6 15.Be3 Be7
16.Qc2 O-O 17.Bxh6 Bf5 18.Qb3+ Rf7 19.Be3 Nc5 20.Bxc5 Bxc5 21.Ne4 Bxe4 22.Bxe4 Qb6
23.Qe6 Kf8 24.Qh3 Bxf2+ 25.Kg2 Rd8 26.Bg6 Rf6 27.Qh8+ Ke7 28.Qxg7+ Ke6 29.Bh5 Rdf8
30.Bg4+ Kd5 31.Qd7+ Rd6 32.e4+  1-0

[Event "zt 3.4"]
[Site "Tashkent UZB"]
[Date "2009.06.20"]
[Round "6"]
[White "Mankeyev,Raua"]
[Black "Utegaliyev,A"]
[Result "0-1"]
[WhiteElo "2402"]
[BlackElo "2288"]

1.d4 d5 2.c4 c6 3.Nf3 Nf6 4.Nc3 dxc4 5.a4 Bf5 6.Ne5 Nbd7 7.Nxc4 Qc7 8.g3 e5
9.dxe5 Nxe5 10.Bf4 Nfd7 11.Bg2 g5 12.Ne3 gxf4 13.Nxf5 O-O-O 14.Qc2 Ng4 15.O-O fxg3
16.hxg3 h5 17.Rac1 h4 18.Nb5 Qb6 19.Qe4 Nxf2 20.Rxf2 hxg3 21.Nxg3 Bc5 22.Qf3 Bxf2+
23.Qxf2 Qxf2+ 24.Kxf2 Ne5 25.Ne4 Rh6 26.a5 Kb8 27.Nbc3 f5 28.Nc5 Rd2 29.N3a4 f4
30.Rc3 Rh2 31.Ke1 Rxg2 32.Kxd2 f3 33.Rc1 Rxe2+ 34.Kc3 f2 35.Rf1 Ng4 36.Rh1 Nh2
37.Rxh2 f1=Q 38.Rh8+ Kc7 39.Rh7+ Kd8 40.Nxb7+ Kc8 41.Nd6+ Kb8 42.Rb7+ Ka8
43.Rf7 Qe1+  0-1

[Event "Petr Izmailov Mem"]
[Site "Tomsk RUS"]
[Date "2009.06.26"]
[Round "3"]
[White "Belozerov,A"]
[Black "Romanov,E"]
[Result "1/2-1/2"]
[WhiteElo "2492"]
[BlackElo "2589"]

1.Nf3 Nf6 2.c4 c6 3.Nc3 d5 4.d4 dxc4 5.a4 Bf5 6.Ne5 Nbd7 7.Nxc4 Qc7 8.g3 e5
9.dxe5 Nxe5 10.Bf4 Nfd7 11.Bg2 g5 12.Ne3 gxf4 13.Nxf5 O-O-O 14.Qc2 fxg3 15.hxg3 Kb8
16.O-O a5 17.Rfd1 h5 18.Rac1 Qb6 19.Ne4 Bb4 20.Ned6 Ng4 21.e3 Nde5 22.Nc4 Qc5
23.Rd4 Rxd4 24.Nxd4 Nxc4 25.Qxc4 Qxc4 26.Rxc4 Ne5 27.Rc2 h4 28.gxh4 Rxh4
29.Nf3 Rc4 30.Rxc4 Nxc4 31.b3 Nd6 32.Ne5 Kc7 33.Kf1 Bc3 34.Nc4 Nxc4 35.bxc4 Kd6
36.Bh3 Kc5 37.Bc8 b5 38.cxb5 cxb5 39.axb5 a4 40.Bf5 Kb4 41.b6 a3 42.b7 Be5
43.Bb1 Kb3 44.Be4 Kc4 45.Bb1  1/2-1/2

[Event "Petr Izmailov Mem"]
[Site "Tomsk RUS"]
[Date "2009.06.27"]
[Round "4"]
[White "Pavlov,O"]
[Black "Zaichenko,D"]
[Result "0-1"]
[WhiteElo "2328"]
[BlackElo "2066"]

1.d4 d5 2.Nf3 Nf6 3.c4 c6 4.Nc3 dxc4 5.a4 Bf5 6.e3 e6 7.Bxc4 Bb4 8.O-O O-O
9.Qe2 Nbd7 10.e4 Bg6 11.Bd3 c5 12.Na2 Ba5 13.Bg5 Qb6 14.dxc5 Qxc5 15.Rac1 Qb6
16.b4 Bxb4 17.Rb1 a5 18.Bd2 Qc6 19.Nxb4 axb4 20.Rxb4 Rfd8 21.Rc1 Qd6 22.Rd4 Qa3
23.Rc3 Qa1+ 24.Rc1 Qa3 25.Bb5 Nc5 26.Rxd8+ Rxd8 27.e5 Nfe4 28.Be3 Nxa4 29.Rd1 Rxd1+
30.Qxd1 Nac3 31.Qd8+ Qf8 32.Qa5 Nxb5 33.Qxb5 Qc8 34.h3 Nc3 35.Qc5 Qxc5 36.Bxc5 b5
37.Nd4 Bd3 38.Nc6 Bc4 39.f3 f6 40.exf6 gxf6 41.Kf2 Kf7 42.Nb4 e5 43.g3 Ke6
44.Ke3 Bf1 45.h4 Nd5+ 46.Kd2 f5 47.Nc6 Bc4 48.Nb4 Nf6 49.Ke3 Nd5+ 50.Kd2 Nxb4
51.Bxb4 Kd5 52.Bc3 h5 53.Ke3 Ba2 54.Bb4 Bb3 55.Bf8 Bd1 56.Bb4 e4 57.fxe4+ fxe4
58.Kd2 Bf3 59.Ba5 Kc4 60.Bd8 Kb3 61.Bf6 b4 62.Be7 Kc4 63.Bf6 Kd5 64.Bg7 Ke6
65.Ke3 Kf5 66.Kf2 Ke6 67.Ke3 Kd5 68.Kd2 Kc4 69.Bf6 Kb3 70.Be7 Ka4 71.Bf6 Bg4
72.Be5 Kb3 73.Bd6 e3+ 74.Kxe3 Kc3  0-1

[Event "XXXII Open"]
[Site "Barbera ESP"]
[Date "2009.07.04"]
[Round "1"]
[White "Ipatov,A ESP"]
[Black "Deshpande,Ani"]
[Result "1-0"]
[WhiteElo "2454"]
[BlackElo "2211"]

1.d4 d5 2.c4 c6 3.Nf3 Nf6 4.Nc3 dxc4 5.a4 Bf5 6.Nh4 e6 7.Nxf5 exf5 8.e3 Bd6
9.Bxc4 O-O 10.Qc2 g6 11.f3 Nbd7 12.O-O Rc8 13.e4 fxe4 14.Nxe4 Nxe4 15.fxe4 Nb6
16.Ba2 c5 17.Qf2 Kg7 18.a5 Nd7 19.e5 Be7 20.Be3 Bg5 21.Bxf7 Bxe3 22.Qxe3 Rxf7
23.Rxf7+ Kxf7 24.e6+ Kg8 25.exd7 Qxd7 26.dxc5 Re8 27.Qb3+ Qe6 28.Qxe6+ Rxe6
29.Rd1 Re7 30.Kf2 Kf7 31.Rd3 Kf6 32.Rf3+ Kg5 33.Re3 Rd7 34.Ke2 Rd5 35.b4 Rd4
36.b5 Rb4 37.b6 axb6 38.axb6 Rc4 39.Re7 Rxc5 40.Rxh7 Kg4 41.Kd3 Rd5+ 42.Ke4 Rd2
43.Rxb7 Rxg2 44.Rh7 Rb2 45.b7 Rb5 46.Kd4 g5 47.Kc4 Rb2 48.Kc5 Kf3 49.Kc6 g4
50.Rh5 Rc2+ 51.Rc5  1-0

[Event "XXXII Open"]
[Site "Barbera ESP"]
[Date "2009.07.04"]
[Round "1"]
[White "Avila Jimenez,J"]
[Black "Orzech,D"]
[Result "0-1"]
[WhiteElo "2212"]
[BlackElo "2466"]

1.d4 d5 2.c4 c6 3.Nf3 Nf6 4.Nc3 dxc4 5.a4 Bf5 6.Ne5 Na6 7.e3 Nb4 8.Bxc4 e6
9.O-O Be7 10.Qe2 h6 11.e4 Bh7 12.Rd1 O-O 13.Bf4 Qa5 14.Bb3 Rfd8 15.Nc4 Qa6
16.f3 Bf8 17.g4 Rac8 18.Be3 b6 19.a5 b5 20.Ne5 Qb7 21.h4 Nd7 22.Nxd7 Rxd7
23.Qg2 c5 24.dxc5 Nd3 25.Ba2 a6 26.Rd2 Nxc5 27.Rad1 Rxd2 28.Qxd2 b4 29.Ne2 Qc7
30.g5 Qxa5 31.Bb1 hxg5 32.hxg5 Be7 33.Kg2 Rd8 34.Qe1 Rxd1 35.Qxd1 Qa1 36.Qc1 Qa5
37.Nd4 Bf8 38.Qc4 Bg6 39.Nc6 Qa4 40.Ne5 b3 41.Qc3 Qa1 42.Nxg6 fxg6 43.Bxc5 Qxb1
44.Qxb3 Bxc5 45.Qxe6+ Kf8 46.Qc8+  0-1

[Event "XXXII Open"]
[Site "Barbera ESP"]
[Date "2009.07.04"]
[Round "1"]
[White "Peralta,Fe"]
[Black "Mestre Bellido,H"]
[Result "1-0"]
[WhiteElo "2574"]
[BlackElo "2292"]

1.d4 d5 2.c4 c6 3.Nf3 Nf6 4.Nc3 dxc4 5.a4 Bf5 6.e3 e6 7.Bxc4 Bb4 8.O-O O-O
9.Nh4 Bg4 10.f3 Nd5 11.fxg4 Qxh4 12.Qf3 Bd6 13.g3 Qe7 14.Ne4 Bb4 15.b3 Nd7
16.Ra2 e5 17.Raf2 Rae8 18.Bd3 Bc3 19.Nxc3 Nxc3 20.Bc4 exd4 21.exd4 Nd5 22.g5 Qd6
23.a5 f6 24.Bf4 Qe6 25.Re2 Qf7 26.Rxe8 Rxe8 27.gxf6 N7xf6 28.Be5 Re6 29.Qf5 h6
30.h4 Qe7 31.h5 Nd7 32.Bd3 N5f6 33.Bc4 Nd5 34.Bd3 N5f6 35.Bxf6 Nxf6 36.Bc4 Nd5
37.Bxd5 cxd5 38.Qxd5 Qd6 39.Qxd6 Rxd6 40.Rf5 Rxd4 41.Rb5 b6 42.axb6 axb6
43.Kf2 Rd6 44.Ke3 Kf7 45.Ke4 g6 46.g4 Kf6 47.hxg6 Kxg6 48.Re5 Kf6 49.Rf5+ Kg6
50.b4 Rf6 51.Rd5 Re6+ 52.Kf4 Rf6+ 53.Kg3 Rf7 54.Kh4 Rf6 55.b5 Re6 56.Rd7 Kf6
57.Rh7 Ke5 58.Kh5 Kf4 59.Rxh6 Re5+ 60.Kh4 Rxb5 61.Rf6+ Ke4 62.g5 Rb1 63.g6 Rg1
64.Kh5 b5 65.Rb6 Kf5 66.Kh6 b4 67.Kg7 Ra1 68.Rb5+ Ke6 69.Rxb4 Ra7+ 70.Kh6 Ra1
71.Rf4 Ke5 72.Rf2 Ke6 73.g7 Rh1+ 74.Kg6 Rg1+ 75.Kh7 Rh1+ 76.Kg8 Ra1 77.Rh2  1-0

[Event "37th Greek Teams"]
[Site "Kallithea GRE"]
[Date "2009.07.05"]
[Round "5"]
[White "Kaforos,D"]
[Black "Papadakis,M"]
[Result "1/2-1/2"]
[WhiteElo "2203"]
[BlackElo "2123"]

1.d4 d5 2.c4 c6 3.Nc3 Nf6 4.Nf3 dxc4 5.a4 Bf5 6.Ne5 e6 7.f3 c5 8.d5 exd5
9.e4 Bd6 10.Nxc4 dxc4 11.Nb5 Nxe4 12.fxe4 Qh4+ 13.g3 Bxg3+ 14.hxg3 Qxg3+
15.Kd2 Nc6 16.Qe2 O-O-O+ 17.Kc2 Rhe8 18.Bg2 a6 19.Qf1 Qxg2+ 20.Qxg2 Bxe4+
21.Qxe4 Rxe4 22.Nc3 Nb4+ 23.Kb1 Rg4 24.Be3 Nd3 25.a5 Re8 26.Nd5 Re5 27.Nb6+ Kd8
28.Bd2 Re2 29.Bc3 h6 30.Ra4 Ree4 31.Rd1 Ke7 32.b3 Nf2 33.Rd7+ Ke6 34.Rxc4 Rxc4
35.bxc4 Ne4 36.Bb2 Nd6 37.Rc7 Nxc4 38.Bc3 Na3+ 39.Kb2 Nb5 40.Rxb7 Rg2+ 41.Kb3 h5
42.Na4 Nd6 43.Rb6 Kd5 44.Rxa6 h4 45.Nb6+ Ke4 46.Ra8 Rg6 47.Rh8 Rh6 48.Rxh6 gxh6
49.Ka4 h3 50.a6 Ne8 51.Ba5 Nc7 52.a7 h2 53.Nd5 Na8 54.Nc7 h1=Q 55.Nxa8 Kd4
56.Nb6 Qc6+ 57.Ka3 Qf3+ 58.Ka4 c4 59.Kb5 c3 60.a8=Q Qxa8 61.Nxa8 Kd3 62.Bxc3 Kxc3
63.Kc5 Kd3 64.Kd5 Ke3 65.Ke5 Kf3 66.Kf5 Kg3 67.Nb6 h5 68.Nd5 h4 69.Nf4 f6
70.Nh5+ Kf3 71.Nxf6 h3 72.Ng4  1/2-1/2

[Event "8th Open"]
[Site "La Fere FRA"]
[Date "2009.07.05"]
[Round "2"]
[White "Jimenez,Mart"]
[Black "Daces,P"]
[Result "1-0"]
[WhiteElo "1797"]
[BlackElo "2023"]

1.d4 d5 2.c4 c6 3.Nc3 Nf6 4.Nf3 dxc4 5.a4 Bf5 6.e3 e6 7.Bxc4 Bb4 8.O-O O-O
9.Qe2 Bg4 10.Rd1 Qa5 11.Bd2 Qh5 12.h3 Bxf3 13.Qxf3 Qxf3 14.gxf3 Nbd7 15.e4 Rfd8
16.Bg5 h6 17.Bh4 g5 18.Bg3 Nh5 19.Ne2 Ndf6 20.Rd3 Ba5 21.Rb1 Rac8 22.b4 Bc7
23.Rbd1 Kf8 24.a5 a6 25.Rc1 Ke7 26.Bb3 Bb8 27.Rdc3 Nxg3 28.fxg3 Ba7 29.Rd3 e5
30.Rcd1 exd4 31.Kg2 c5 32.bxc5 Bxc5 33.Nxd4 Bxd4 34.Rxd4 Rxd4 35.Rxd4 Rc5
36.Rb4 Rb5 37.Rxb5 axb5 38.Kf2 Nd7 39.Ke3 Nc5 40.Bd5 f6 41.Kd4 Kd6 42.f4  1-0

[Event "1st WCT GM"]
[Site "Moscow RUS"]
[Date "2009.07.07"]
[Round "4"]
[White "Zlochevskij,A"]
[Black "Aldokhin,I"]
[Result "1/2-1/2"]
[WhiteElo "2491"]
[BlackElo "2342"]

1.d4 d5 2.c4 c6 3.Nf3 Nf6 4.Nc3 dxc4 5.a4 Bf5 6.e3 e6 7.Bxc4 Bb4 8.O-O O-O
9.Qe2 Bg4 10.h3 Bh5 11.Rd1  1/2-1/2

[Event "XXXII Open"]
[Site "Barbera ESP"]
[Date "2009.07.10"]
[Round "7"]
[White "Sundararajan,K"]
[Black "Balogh,C"]
[Result "1/2-1/2"]
[WhiteElo "2506"]
[BlackElo "2595"]

1.d4 d5 2.c4 c6 3.Nf3 Nf6 4.Nc3 dxc4 5.a4 Bf5 6.Ne5 Nbd7 7.Nxc4 Nb6 8.Ne5 a5
9.f3 Nfd7 10.e4 Nxe5 11.dxe5 Qxd1+ 12.Kxd1 Be6 13.Kc2 f6 14.Rb1 fxe5 15.b4 Nc4
16.Bxc4 Bxc4 17.bxa5 O-O-O 18.Rd1 Rxd1 19.Nxd1 g6 20.Ne3 Ba6 21.Bb2 Bg7 22.Ng4 Rd8
23.Rd1 Rxd1 24.Kxd1 h5 25.Nxe5 Bxe5 26.Bxe5  1/2-1/2

[Event "ch-SUI"]
[Site "Graechen SUI"]
[Date "2009.07.10"]
[Round "2"]
[White "Vogt,S"]
[Black "Lehmann,A"]
[Result "0-1"]
[WhiteElo "2017"]
[BlackElo "2297"]

1.d4 d5 2.c4 c6 3.Nf3 Nf6 4.Nc3 dxc4 5.a4 Bf5 6.e3 e6 7.Bxc4 Bb4 8.O-O O-O
9.Qe2 Nbd7 10.e4 Bg6 11.e5 Nd5 12.Ne4 Be7 13.Rd1 a5 14.Ng3 Nb4 15.Bd2 Nb6
16.Bxb4 Bxb4 17.Bd3 Nd5 18.Bxg6 fxg6 19.Ne4 Be7 20.g3 Nb4 21.h4 Qd5 22.Nfg5 Rad8
23.Nc5 Bxg5 24.hxg5 b6 25.Nb7 Rb8 26.Nd6 Qf3 27.Qxf3 Rxf3 28.Rd2 Rbf8 29.Rad1 Na6
30.Nc4 Rb3 31.Rd3 Rxd3 32.Rxd3 Nb4 33.Rd1 Nd5 34.f4 Rb8 35.Rc1 h6 36.gxh6 gxh6
37.Kg2 Kg7 38.Kf3 g5 39.fxg5 hxg5 40.Kg4 Kg6 41.Nd6 Rf8 42.Rc3 Nxc3 43.bxc3 c5
44.dxc5 bxc5 45.Nb7 Rf5 46.Nxa5 Rxe5 47.c4 Re4+ 48.Kf3 Kf5 49.Nb7 g4+ 50.Kf2 Ke5  0-1

[Event "8th Open"]
[Site "La Fere FRA"]
[Date "2009.07.11"]
[Round "9"]
[White "Marzolo,C"]
[Black "Bannink,B"]
[Result "1-0"]
[WhiteElo "2443"]
[BlackElo "2277"]

1.d4 d5 2.Nf3 Nf6 3.c4 c6 4.Nc3 dxc4 5.a4 Bf5 6.Ne5 Nbd7 7.Nxc4 Nb6 8.Ne5 a5
9.f3 Nfd7 10.e4 Be6 11.Nd3 Bc4 12.Be3 e6 13.b3 Bxd3 14.Bxd3 Bb4 15.Rc1 e5
16.dxe5 Nxe5 17.Be2 Qxd1+ 18.Kxd1 O-O-O+ 19.Kc2 Ned7 20.Na2 Bc5 21.Bd2 Rhe8
22.Bxa5 f5 23.Nc3 Bd4 24.Rcd1 Bxc3 25.Bxc3 fxe4 26.fxe4 Rxe4 27.Bf3 Re7 28.a5 Na8
29.Rhe1 Rf7 30.a6 bxa6 31.Bxc6 Nc7 32.Bf3 Re8 33.Rf1 Nf6 34.Bh5 g6 35.Bf3 Kb8
36.Rd6 Nfd5 37.Bd4 Rf4 38.Bg1 Rf6 39.Rd7 Ne3+ 40.Bxe3 Rxe3 41.Rxh7  1-0

[Event "Open"]
[Site "Condom FRA"]
[Date "2009.07.13"]
[Round "3"]
[White "Inkiov,V"]
[Black "Bressac,S"]
[Result "1-0"]
[WhiteElo "2473"]
[BlackElo "2184"]

1.d4 d5 2.Nf3 Nf6 3.c4 c6 4.Nc3 dxc4 5.a4 Bf5 6.Nh4 Bg6 7.Nxg6 hxg6 8.e4 e5
9.Bxc4 exd4 10.e5 Nd5 11.Qxd4 Bb4 12.e6 O-O 13.exf7+ Rxf7 14.O-O Bxc3 15.bxc3 Qa5
16.Rb1 Na6 17.Rb5 cxb5 18.Qxd5 Qc7 19.axb5  1-0

[Event "LTC Open A"]
[Site "Leiden NED"]
[Date "2009.07.14"]
[Round "5"]
[White "Karthikeyan,P"]
[Black "Soumya,Sw"]
[Result "1-0"]
[WhiteElo "1983"]
[BlackElo "2309"]

1.d4 d5 2.c4 c6 3.Nf3 Nf6 4.Nc3 dxc4 5.a4 Bf5 6.e3 e6 7.Bxc4 Bb4 8.O-O Nbd7
9.Qe2 O-O 10.Nh4 Bg4 11.f3 Bh5 12.g4 Nd5 13.Qf2 Be7 14.Ng2 Bg6 15.e4 N5b6
16.Ba2 e5 17.Be3 Bb4 18.h4 h5 19.gxh5 Bxh5 20.Ne2 Bg6 21.Rad1 Qc7 22.h5 Bxh5
23.Qh4 Bg6 24.Kf2 Rfd8 25.Rh1 Kf8 26.Qh8+ Ke7 27.Bg5+ Nf6 28.Qxg7  1-0

[Event "1st Artemis Cup"]
[Site "Leros GRE"]
[Date "2009.07.15"]
[Round "5"]
[White "Mchedlishvili,M"]
[Black "De Jong,JW"]
[Result "1-0"]
[WhiteElo "2592"]
[BlackElo "2464"]

1.Nf3 d5 2.d4 Nf6 3.c4 c6 4.Nc3 dxc4 5.a4 Bf5 6.Ne5 Nbd7 7.Nxc4 Qc7 8.Qd2 Be6
9.e4 Bxc4 10.Bxc4 e5 11.dxe5 Nxe5 12.Be2 Bb4 13.Qc2 Ng6 14.O-O Nf4 15.Bc4 O-O
16.g3 Ne6 17.Ne2 Qe5 18.f3 Rad8 19.Kg2 Rd7 20.Be3 Rfd8 21.Rad1 a5 22.b3 Rxd1
23.Rxd1 Rxd1 24.Qxd1 h6 25.Nd4 Nxd4 26.Bxd4 Qe7 27.Bb2 Qd7 28.Qe2 Qd2 29.Qxd2 Bxd2
30.e5 Ne8 31.f4 Nc7 32.f5 b5 33.Bd3 Bb4 34.Kf3 Kf8 35.g4 bxa4 36.bxa4 Ke7
37.Bc4 Ne8 38.h4 f6 39.exf6+ Nxf6 40.g5 hxg5 41.hxg5 Nh7 42.Kg4 Bd2 43.f6+ Nxf6+
44.gxf6+ gxf6 45.Kf5 Kd6 46.Bd4 Bb4 47.Kxf6 Bc5 48.Bxc5+ Kxc5 49.Bb3 Kd4
50.Ke6 c5 51.Kd6  1-0

[Event "Corporation Centre Cup"]
[Site "Izhevsk RUS"]
[Date "2009.07.16"]
[Round "2"]
[White "Deriabina,S"]
[Black "Davydov,St"]
[Result "1/2-1/2"]
[WhiteElo "2071"]
[BlackElo "2206"]

1.d4 d5 2.c4 c6 3.Nc3 Nf6 4.Nf3 dxc4 5.a4 Bf5 6.e3 e6 7.Bxc4 Bb4 8.O-O Nbd7
9.Qe2 O-O 10.e4 Bg6 11.Bd3 c5 12.e5 cxd4 13.Bxg6 dxc3 14.exf6 hxg6 15.fxg7 Kxg7
16.Rd1 Qe7 17.bxc3 Bc5 18.Qd2 Rh8 19.c4 Nf6 20.Bb2 Rad8 21.Qc3 Bb4 22.Qe3 Rxd1+
23.Rxd1 Rd8 24.Rxd8 Qxd8 25.g4 Kh7 26.h3 Be7 27.Qf4 Kg8 28.Kg2 Nh7 29.Qe4 Qc7
30.Ne5 Bf6 31.Bd4 Nf8 32.c5 Bxe5 33.Qxe5 Qxe5 34.Bxe5 Nd7 35.Bd6 f5 36.f4 Kf7
37.Kf3 fxg4+ 38.hxg4 Nf6 39.Be5 Nd7 40.Bd4 Nb8 41.Ke4 Nc6 42.Bc3 Ke7 43.Kd3 a6
44.Ke4 Kd7 45.Be1 Kc7 46.Bf2 Kd7 47.Be1  1/2-1/2

[Event "LTC Open A"]
[Site "Leiden NED"]
[Date "2009.07.17"]
[Round "7"]
[White "Karthikeyan,P"]
[Black "Savchenko,S"]
[Result "0-1"]
[WhiteElo "1983"]
[BlackElo "2526"]

1.d4 d5 2.c4 c6 3.Nf3 Nf6 4.Nc3 dxc4 5.a4 Bf5 6.e3 e6 7.Bxc4 Bb4 8.O-O O-O
9.Qe2 Bg4 10.h3 Bh5 11.Rd1 Nbd7 12.e4 Qe7 13.a5 e5 14.d5 Rfd8 15.dxc6 bxc6
16.g4 Bg6 17.Nh4 Nc5 18.Nf5 Rxd1+ 19.Nxd1 Qc7 20.f3 Bxf5 21.gxf5 Nh5 22.Be3 Nf4
23.Bxf4 exf4 24.e5 Re8 25.e6 fxe6 26.Nf2 Kh8 27.fxe6 Qe7 28.a6 Nxe6 29.Qxe6 Qxe6
30.Bxe6 Rxe6 31.Ne4 h6 32.Rd1 Re5 33.Rd7 Ba5 34.Kg2 Bb6 35.h4 Ra5 36.Rd6 Rxa6
37.Rxc6 Ra2 38.Kh3 Rxb2 39.Kg4 Be3 40.h5 Rb5 41.Rc8+ Kh7 42.Rc7 Rb8 43.Nd6 a5
44.Nf5 Kh8 45.Kh4 a4 46.Rc3 Ra8 47.Nxe3 fxe3 48.Rxe3 a3 49.Re1 a2 50.Ra1 Kg8
51.Kg4 Kf7 52.f4 Kf6  0-1

[Event "32nd Aegean Open"]
[Site "Aghios Kirykos GRE"]
[Date "2009.07.18"]
[Round "8"]
[White "Rychagov,A"]
[Black "Tukmakov,V"]
[Result "1-0"]
[WhiteElo "2534"]
[BlackElo "2549"]

1.d4 d5 2.c4 c6 3.Nc3 Nf6 4.Nf3 dxc4 5.a4 Bf5 6.Ne5 Nbd7 7.Nxc4 Qc7 8.g3 e5
9.dxe5 Nxe5 10.Bf4 Nfd7 11.Bg2 g5 12.Ne3 gxf4 13.Nxf5 O-O-O 14.Qc2 Bb4 15.O-O fxg3
16.hxg3 h5 17.Rac1 Nf6 18.Ne4 Nxe4 19.Qxe4 a5 20.Rfd1 Rdg8 21.Rd5 Ng4 22.Rb5 Rd8
23.Nd4 Rh6 24.Rxh5 Rxh5 25.Qxg4+ Qd7 26.Qxh5 Qxd4 27.Qxf7 Rf8 28.Qe6+ Kb8
29.Bf3 Qxb2 30.Qc4 Rd8 31.Kg2 Rd4 32.Qg8+ Ka7 33.Rh1 Rd7 34.Rh7 Rxh7 35.Qxh7 Kb6
36.g4 Qa2 37.g5 Qxa4 38.g6 Qc2 39.Qf7 Bc3 40.g7 Bxg7 41.Qxg7 a4 42.Qd4+ Kc7
43.Qb4 b5 44.Qa5+ Kd6 45.e4 Qb2 46.Qd8+ Kc5 47.Qe7+ Kb6 48.e5 a3 49.Qd8+ Kc5
50.Qd6+ Kc4 51.Qxc6+ Kb4 52.Qd6+ Ka5 53.Qd8+ Kb4 54.Qf8+ Kc4 55.e6 a2 56.e7 a1=Q
57.e8=Q Qg7+ 58.Qxg7 Qxg7+ 59.Kf1  1-0